Twentieth century literary criticism and theory / (Record no. 81239)
[ view plain ]
| 000 -LEADER | |
|---|---|
| fixed length control field | 00753nam a22002177a 4500 |
| 005 - DATE AND TIME OF LATEST TRANSACTION | |
| control field | 20131218144612.0 |
| 010 ## - LCCN (DPL NO) | |
| LC control number | ENG-108893 |
| 020 ## - INTERNATIONAL STANDARD BOOK NUMBER | |
| International Standard Book Number | 9789382816065 |
| Terms of availability | 1650.00 |
| 035 ## - SYSTEM CONTROL NUMBER | |
| System control number | EN-92426 |
| 037 ## - SOURCE OF ACQUISITION | |
| Source of stock number/acquisition | DBAD/PUB |
| 082 ## - DEWEY DECIMAL CLASSIFICATION NUMBER | |
| Classification number | 801.95 |
| 100 ## - MAIN ENTRY--PERSONAL NAME | |
| Personal name | Miluwi, Joshua O. |
| 245 ## - TITLE STATEMENT | |
| Title | Twentieth century literary criticism and theory / |
| Statement of responsibility, etc | by Joshua O. Miluwi , Shoma Barman [and] Hina Rashid |
| 260 ## - PUBLICATION, DISTRIBUTION, ETC. (IMPRINT) | |
| Place of publication, distribution, etc | New Delhi |
| Name of publisher, distributor, etc | Manglam Publishers and Distributors |
| Date of publication, distribution, etc | 2013 |
| 270 ## - ADDRESS | |
| Address | L-21/1, Street No.5, Shivaji Marg, Near Kali Mandir, J.P. Nagar, Kartar Nagar , West Ghonda |
| City | New Delhi |
| Postal code | 110053 |
| 300 ## - PHYSICAL DESCRIPTION | |
| Extent | 528p. |
| Dimensions | 23cm(Hb) |
| 500 ## - GENERAL NOTE | |
| General note | Includes index |
| 700 ## - ADDED ENTRY--PERSONAL NAME | |
| Personal name | Barman, Shoma |
| 700 ## - ADDED ENTRY--PERSONAL NAME | |
| Personal name | Hina Rashid |
| 942 ## - ADDED ENTRY ELEMENTS (KOHA) | |
| Source of classification or shelving scheme | Dewey Decimal Classification |
| Item type | English Books |
| Call number suffix | MIL |
| Classification part | 801.95 |
| Withdrawn status | Lost status | Not for loan | Collection code | Home library | Current library | Date acquired | Source of acquisition | Cost, normal purchase price | Full call number | Barcode | Copy number | Cost, replacement price | Koha item type |
|---|---|---|---|---|---|---|---|---|---|---|---|---|---|
| Not For Loan | Non-fiction | D.B.Act.Division | D.B.Act.Division | 18/12/2013 | DBAD/PUB | 1650.00 | 801.95 MIL | EN-92426 | 1 | 1650.00 | English Books |
